|
|
|
|
| LEADER |
01210nam a2200385 4500 |
| 001 |
DLU090094443 |
| 005 |
##20091201 |
| 040 |
# |
# |
|a DLU
|b eng
|
| 041 |
# |
# |
|a eng
|
| 044 |
# |
# |
|a us
|
| 245 |
# |
# |
|a Approach to highly efficient dechlorination of PCDDs, PCDFs, coplanar PCBs using metallic calcium in ethanol under atmospheric pressure at room temperature /
|c Yoshiharu Mitoma ... [et al.].
|
| 653 |
# |
# |
|a Atmospheric pressure
|
| 653 |
# |
# |
|a Calcium
|
| 653 |
# |
# |
|a Environment
|
| 653 |
# |
# |
|a Organic compounds
|
| 653 |
# |
# |
|a Persistent organic pollutant
|
| 653 |
# |
# |
|a Pollution
|
| 653 |
# |
# |
|a Toxicity
|
| 700 |
# |
# |
|a Egashira, Naoyoshi.
|
| 700 |
# |
# |
|a Fan, Xiaobo.
|
| 700 |
# |
# |
|a Mitoma, Yoshiharu.
|
| 700 |
# |
# |
|a Simion, Cristian.
|
| 700 |
# |
# |
|a Tashiro, Hideki.
|
| 700 |
# |
# |
|a Tashiro, Masashi.
|
| 700 |
# |
# |
|a Uda, Taizo.
|
| 773 |
# |
# |
|t Environmental Science & Technology
|g Vol. 38, no. 4 (February 2004), p. 1216-1220
|
| 920 |
# |
# |
|a Phòng Tạp chí -- Trung tâm Thông tin - Thư viện Trường Đại học Đà Lạt
|
| 994 |
# |
# |
|a DLU
|
| 900 |
# |
# |
|a True
|
| 911 |
# |
# |
|a Trương Bảo Trâm Anh
|
| 925 |
# |
# |
|a G
|
| 926 |
# |
# |
|a A
|
| 927 |
# |
# |
|a BB
|
| 980 |
# |
# |
|a Thư viện Trường Đại học Đà Lạt
|